000 00975nam a22002297a 4500
999 _c4100
_d4100
003 AR-CdUCM
008 190307b ||||| |||| 00| 0 spa d
040 _aMUNICIPALIDAD PROVINCIAL DEL CUSCO
_cBIBLIOTECA MUNICIPAL DEL CUSCO
082 _22ed.
_a160 /
_bH97
100 _aHusserl, Edmundo
_912999
245 _aInvestigaciones lógicas /
260 _aMadrid :
_bTalleres gráficos de Castilla,
_c1967.
300 _a571 páginas ;
_c18.5 cm.
505 _aContenido: La diferencia entre objetos independientes y objetos no-independientes -- Pensamiento para una teoria de las formas puras de los todas y las partes -- La diferencia entre las significaciones independientes y no-independientes y la idea de la gramática pura ...
650 _aCiencia
_92098
650 _aFenomenología
_913000
650 _aMateria del acto
_913001
700 _aMorente, Manuel (traductor)
_913002
700 _aGaos, José (traductor)
_913003
942 _2ddc
_cLIBROS
945 _aafb